|
|
|
|
| LEADER |
01095na a2200325 4500 |
| 001 |
000031153 |
| 003 |
5607 |
| 005 |
20230309091850.0 |
| 008 |
151001s2002 000 eng |
| 040 |
|
|
|a LNN
|
| 041 |
|
|
|a eng
|
| 041 |
|
|
|a eng
|
| 082 |
|
|
|a 420.4
|b TR-M
|
| 100 |
|
|
|a Trần Tuyết Mai
|
| 245 |
|
0 |
|a English aspect versus Vietnamese equivalents /
|c Trần Tuyết Mai.
|
| 260 |
|
|
|c 2002.
|
| 300 |
|
|
|a 66tr. : mh ; 30cm.
|
| 650 |
|
|
|a English aspect versus Vietnamese equivalents, 2002, Trần Tuyết Mai
|
| 852 |
|
|
|c Luận văn sinh viên
|
| OWN |
|
|
|a LNN
|
| AVA |
|
|
|a UDN50
|b LNN
|c English
|d 420.4 TR-M
|e available
|t Error 5001 Not defined in file expand_doc_bib_avail.
|f 1
|g 0
|h N
|i 0
|j AN
|k 1
|
| 999 |
|
|
|a From the UDN01
|
| AVA |
|
|
|a UDN50
|b LNN
|c English
|d 420.4 TR-M
|e available
|t Error 5001 Not defined in file expand_doc_bib_avail.
|f 1
|g 0
|h N
|i 0
|j AN
|k 1
|
| TYP |
|
|
|a Printed language
|
| 980 |
|
|
|a Mạng thư viện Đại học Đà Nẵng
|